Selected Reading On Intellectual Property Rights: (Record no. 521684)
[ view plain ]
| 000 -LEADER | |
|---|---|
| fixed length control field | 00318nam a22000857a 4500 |
| 100 ## - MAIN ENTRY--PERSONAL NAME | |
| Personal name | Institute Of Wood Science And Technology |
| 9 (RLIN) | 35850 |
| 245 ## - TITLE STATEMENT | |
| Title | Selected Reading On Intellectual Property Rights: |
| Remainder of title | Contemporary And Emerging Issues |
| 260 ## - PUBLICATION, DISTRIBUTION, ETC. (IMPRINT) | |
| Place of publication, distribution, etc | Bangalore |
| Name of publisher, distributor, etc | Institute Of Wood Science And Technology |
| Date of publication, distribution, etc | 2006 |
| 300 ## - PHYSICAL DESCRIPTION | |
| Extent | 136p. |
No items available.
